000 00573nam a2200181Ia 4500
008 151018s9999 xx 000 0 und d
082 _bRBASDV8130
_a891.463
100 _aवा शि आपटे
245 _aवाट अर्धी संपली
250 _b1
260 _bसुरस ग्रंथमाला
_c1973
300 _a211
600 _aवा शि आपटे
630 _aवाट अर्धी संपली
700 _aवा शि आपटे
730 _aवाट अर्धी संपली
942 _cBOOK
999 _c1010495
_d1010492